[Event "leisure catalan knockout "]
[Site "SchemingMind.com"]
[Date "2018.01.23"]
[Round "-"]
[White "d2d41"]
[Black "aliwood"]
[Result "1-0"]
[WhiteCountry "HUN"]
[BlackCountry "ENG"]
[WhiteElo "1563"]
[WhiteRD "188"]
[BlackElo "1325"]
[BlackRD "61"]
[GameID "423486"]

1. d4 Nf6 2. c4 e6 3. g3 d5 4. Bg2 Be7 5. Nc3 O-O 6. Nf3 dxc4 7. O-O Nbd7 8. e4 c6 9. d5 cxd5 10. exd5 exd5
11. Nxd5 Nxd5 12. Qxd5
1-0

[Event "leisure catalan knockout "]
[Site "SchemingMind.com"]
[Date "2018.01.23"]
[Round "-"]
[White "aliwood"]
[Black "d2d41"]
[Result "0-1"]
[WhiteCountry "ENG"]
[BlackCountry "HUN"]
[WhiteElo "1325"]
[WhiteRD "61"]
[BlackElo "1563"]
[BlackRD "188"]
[GameID "423487"]

1. d4 Nf6 2. c4 e6 3. g3 c5 4. d5 exd5 5. cxd5 d6 6. Nc3 g6 7. Bg2 Bg7 8. Nf3 O-O 9. O-O a6 10. Bg5 Nbd7
11. Rb1 b5 12. e4 Qc7
0-1

[Event "leisure catalan knockout "]
[Site "SchemingMind.com"]
[Date "2018.02.06"]
[Round "-"]
[White "johanrientsop"]
[Black "Krolewna"]
[Result "0-1"]
[WhiteCountry "NED"]
[BlackCountry "POL"]
[WhiteElo "1730"]
[WhiteRD "109"]
[BlackElo "1915"]
[BlackRD "80"]
[GameID "424478"]

1. d4 Nf6 2. c4 e6 3. g3 d5 4. Nc3 Be7 5. Bg2 O-O 6. cxd5 exd5 7. Nf3 c6 8. O-O Bf5 9. Bf4 Nh5 10. Bd2 Qb6
11. Ne5 Qxd4 12. Nxc6 Nxc6 13. e3 Qe5 14. Qxh5 Rad8 15. e4 dxe4 16. Bf4 Qe6 17. Rfe1 Bg6 18. Qb5 f5 19. Qxb7 Bf6 20. Rac1 Rd7
21. Qa6 Nd4 22. Qa4 Rc8 23. Red1 h6 24. Be3 Rc4 25. b4 Rxc3 26. Bf1 Rxc1 27. Rxc1 Bf7 28. Rc8+ Kh7 29. b5 Nf3+ 30. Kg2 Qxa2
31. Qb4 Bd4 32. Bxd4 Rxd4 33. Qf8 e3
0-1

[Event "leisure catalan knockout "]
[Site "SchemingMind.com"]
[Date "2018.02.07"]
[Round "-"]
[White "Krolewna"]
[Black "johanrientsop"]
[Result "1-0"]
[WhiteCountry "POL"]
[BlackCountry "NED"]
[WhiteElo "1915"]
[WhiteRD "80"]
[BlackElo "1730"]
[BlackRD "109"]
[GameID "424479"]

1. d4 Nf6 2. c4 e6 3. g3 Be7 4. Nf3 h6 5. Bg2 d5 6. O-O Nbd7 7. b3 O-O 8. Bb2 c6 9. Nc3 Re8 10. Rc1 Bd6
11. cxd5 exd5 12. Re1 Nf8 13. Qd3 Bg4 14. e4 dxe4 15. Nxe4 Nxe4 16. Rxe4 Qd7 17. Rce1 Bf5 18. Rxe8 Rxe8 19. Qd1 Ne6 20. d5 cxd5
21. Qxd5 Bg6 22. Ba3 Rd8 23. Rd1 Qc8 24. Bxd6 Qc2 25. h3 b6 26. Rd2 Qc1+ 27. Kh2 Nc5 28. Ne5 Kh7 29. Nxg6 fxg6 30. a4 Qe1
31. Rd4 Qxf2 32. Qe5 Ne6 33. Re4 Ng5 34. Rf4 Qd2 35. Ba3 Qc2 36. Bb2
1-0

[Event "leisure catalan knockout "]
[Site "SchemingMind.com"]
[Date "2018.02.21"]
[Round "-"]
[White "Timaeus"]
[Black "mentat59"]
[Result "1-0"]
[WhiteCountry "JPN"]
[BlackCountry "ITA"]
[WhiteElo "1482"]
[WhiteRD "74"]
[BlackElo "1103"]
[BlackRD "225"]
[GameID "424962"]

1. d4 Nf6 2. c4 e6 3. g3 Bb4+ 4. Bd2 Bxd2+ 5. Nxd2 O-O 6. e3 Nc6 7. Bd3 b6 8. Ngf3 Bb7 9. O-O Ne7 10. b4 d6
11. b5 Rb8 12. Qa4 Nc8 13. e4
1-0

[Event "leisure catalan knockout "]
[Site "SchemingMind.com"]
[Date "2018.02.20"]
[Round "-"]
[White "mentat59"]
[Black "Timaeus"]
[Result "0-1"]
[WhiteCountry "ITA"]
[BlackCountry "JPN"]
[WhiteElo "1077"]
[WhiteRD "212"]
[BlackElo "1492"]
[BlackRD "79"]
[GameID "424963"]

1. d4 Nf6 2. c4 e6 3. g3 Bb4+ 4. Bd2 a5 5. a3 Bxd2+ 6. Nxd2 O-O 7. Bg2 d5 8. c5 b6 9. b4 axb4 10. axb4 Rxa1
11. Qxa1 Ba6 12. e3 Bb5 13. Bf1 Qd7 14. Ne2 Nc6 15. Qa3 e5
0-1

[Event "leisure catalan knockout "]
[Site "SchemingMind.com"]
[Date "2018.03.02"]
[Round "-"]
[White "DANDYLIONHONEYBADGER"]
[Black "davidcook"]
[Result "0-1"]
[WhiteCountry "USA"]
[BlackCountry "ENG"]
[WhiteElo "1309"]
[WhiteRD "69"]
[BlackElo "1912"]
[BlackRD "63"]
[GameID "425208"]

1. d4 Nf6 2. c4 e6 3. g3 d5 4. Na3 Be7 5. Bh3 O-O 6. c5 b6 7. f3 bxc5 8. e3 cxd4 9. exd4 c5 10. Be3 Nc6
11. dxc5 Rb8 12. Rb1 a5 13. Qa4 Nb4 14. Rd1 Nd7 15. Ne2 Bxc5 16. Bxc5 Nxc5 17. Qc2 Nxc2+
0-1

[Event "leisure catalan knockout "]
[Site "SchemingMind.com"]
[Date "2018.03.02"]
[Round "-"]
[White "davidcook"]
[Black "DANDYLIONHONEYBADGER"]
[Result "1-0"]
[WhiteCountry "ENG"]
[BlackCountry "USA"]
[WhiteElo "1912"]
[WhiteRD "63"]
[BlackElo "1309"]
[BlackRD "69"]
[GameID "425209"]

1. d4 Nf6 2. c4 e6 3. g3 c6 4. Bg2 Bb4+ 5. Bd2 Bxd2+ 6. Nxd2 d5 7. Ngf3 Nbd7 8. O-O h5 9. h4 g6 10. e3 Nh7
11. Re1 f6 12. cxd5 cxd5 13. e4 dxe4 14. Nxe4 Qc7 15. Rc1 Qa5 16. Nd6+ Ke7 17. Qb3 Kxd6 18. Rxe6#
1-0

[Event "leisure catalan knockout "]
[Site "SchemingMind.com"]
[Date "2018.02.25"]
[Round "-"]
[White "Keithk"]
[Black "pebber"]
[Result "1-0"]
[WhiteCountry "ENG"]
[BlackCountry "DEN"]
[WhiteElo "2306"]
[WhiteRD "75"]
[BlackElo "1394"]
[BlackRD "162"]
[GameID "425214"]

1. d4 Nf6 2. c4 e6 3. g3 d5 4. Bg2 Be7 5. Nf3 O-O 6. O-O Nbd7 7. Qc2 c6 8. Nbd2 b6 9. e4 Bb7 10. e5 Ne8
11. cxd5 exd5 12. Nb1 Nc7 13. Be3 c5 14. Nc3 Rc8 15. Rad1 Ne6 16. Rfe1 cxd4 17. Nxd4 Nxd4 18. Bxd4 Nc5 19. Bxc5 Bxc5 20. Nxd5 Bxd5
21. Bxd5 Qg5 22. e6 fxe6 23. Bxe6+ Kh8 24. Bxc8 Rxc8 25. b4
1-0

[Event "leisure catalan knockout "]
[Site "SchemingMind.com"]
[Date "2018.02.25"]
[Round "-"]
[White "pebber"]
[Black "Keithk"]
[Result "0-1"]
[WhiteCountry "DEN"]
[BlackCountry "ENG"]
[WhiteElo "1394"]
[WhiteRD "162"]
[BlackElo "2306"]
[BlackRD "75"]
[GameID "425215"]

1. d4 Nf6 2. c4 e6 3. g3 d5 4. Nf3 Bb4+ 5. Nbd2 dxc4 6. Bg2 b5 7. a3 Be7 8. b3 cxb3 9. Qxb3 a6 10. a4 b4
11. Ne5 Ra7 12. Bb2 O-O 13. O-O Bb7 14. Bxb7 Rxb7 15. Rac1 a5 16. Ndc4 Ra7 17. e3 Qd5 18. Nd2 Qxb3 19. Nxb3 Nd5 20. Rc2 f6
21. Nc6 Nxc6 22. Rxc6 f5 23. Rxe6 Bd6 24. e4 fxe4 25. Rxe4 Rf3 26. Nc1 Nb6 27. Kg2 Rf5 28. Nd3 Nxa4 29. Ba1 Ra8 30. Rfe1 Nb6
31. Nc5 a4 32. Nb7 Rb5 33. Nxd6 cxd6 34. Re7 Nd5 35. Rd7 a3 36. Rxd6 b3
0-1

[Event "leisure catalan knockout "]
[Site "SchemingMind.com"]
[Date "2018.03.01"]
[Round "-"]
[White "Aba"]
[Black "grabapawn"]
[Result "1-0"]
[WhiteCountry "ISR"]
[BlackCountry "USA"]
[WhiteElo "1801"]
[WhiteRD "70"]
[BlackElo "1545"]
[BlackRD "52"]
[GameID "425337"]

1. d4 Nf6 2. c4 e6 3. g3 d5 4. Nf3 c6 5. Qc2 Nbd7 6. Bg2 Be7 7. Be3 h6 8. Nbd2 Nb6 9. c5 Nbd7 10. b4 Ng4
11. Nf1 e5 12. h3 Nxe3 13. Nxe3 e4 14. Nd2 Nf6 15. f3 Qc7 16. f4 g5 17. Rf1 Nh5 18. O-O-O Nxg3 19. Rf2 gxf4 20. Nef1 e3
21. Rf3 exd2+ 22. Kxd2 Ne4+ 23. Kc1 a5 24. Ra3 Bf5 25. Qb2 Rg8 26. Bf3 Nf2 27. Re1 b6 28. Nd2 Rg3 29. Rf1 Nxh3 30. e4 Bg6
31. exd5 cxd5 32. Bxd5 Rxa3 33. Bxa8 Re3 34. d5 bxc5 35. Bc6+
1-0

[Event "leisure catalan knockout "]
[Site "SchemingMind.com"]
[Date "2018.03.01"]
[Round "-"]
[White "grabapawn"]
[Black "Aba"]
[Result "0-1"]
[WhiteCountry "USA"]
[BlackCountry "ISR"]
[WhiteElo "1545"]
[WhiteRD "52"]
[BlackElo "1801"]
[BlackRD "70"]
[GameID "425338"]

1. d4 Nf6 2. c4 e6 3. g3 c5 4. Nc3 cxd4 5. Qxd4 Nc6 6. Qh4 b6 7. Nf3 Bb7 8. Bg2 Be7 9. Bg5 h6 10. O-O-O O-O
11. Be3 Re8 12. g4 Nd5 13. Qh5 Nxe3 14. fxe3 Rc8 15. Ne4 f6 16. h4 Nb4 17. g5 Bxe4 18. gxh6 Nxa2+ 19. Kd2 Bb4#
0-1

[Event "leisure catalan knockout "]
[Site "SchemingMind.com"]
[Date "2018.03.03"]
[Round "-"]
[White "klapa"]
[Black "Apatchenlama"]
[Result "1-0"]
[WhiteCountry "POL"]
[BlackCountry "GER"]
[WhiteElo "1478"]
[WhiteRD "75"]
[BlackElo "1827"]
[BlackRD "85"]
[GameID "425401"]

1. d4 Nf6 2. c4 e6 3. g3 d5 4. Bg2 Bb4+ 5. Bd2 Bd6 6. c5 Be7 7. Nf3 O-O 8. O-O b6 9. Bg5 bxc5 10. Bxf6 Bxf6
11. e3 cxd4 12. exd4 Nd7 13. Nc3 c5 14. dxc5 Nxc5 15. Nb5 Ba6 16. a4 Rb8 17. b4 Bxa1 18. bxc5 Bf6 19. Bh3 Bxb5 20. Re1 Bc4
21. Nd2 Bc3 22. c6 Qf6 23. Re3 Bxd2 24. Qxd2 Rb2 25. Qe1 Rc8 26. f4 Ra2 27. Bf1 Bxf1 28. Qxf1 Qd4 29. Qe1 Ra1 30. Qxa1 Qxa1+
31. Kg2 Rxc6 32. Kh3 Qf1+ 33. Kg4 h5+ 34. Kh4 Qg2 35. h3 Qb2 36. Kxh5 Qf6 37. Kg4 d4 38. Rd3 Qf5+ 39. Kh4 Qxd3 40. a5 Qf3
41. a6 Rc5 42. g4
1-0

[Event "leisure catalan knockout "]
[Site "SchemingMind.com"]
[Date "2018.03.03"]
[Round "-"]
[White "Apatchenlama"]
[Black "klapa"]
[Result "1-0"]
[WhiteCountry "GER"]
[BlackCountry "POL"]
[WhiteElo "1827"]
[WhiteRD "85"]
[BlackElo "1478"]
[BlackRD "75"]
[GameID "425402"]

1. d4 Nf6 2. c4 e6 3. g3 d5 4. Bg2 Bb4+ 5. Bd2 Bxd2+ 6. Nxd2 O-O 7. Ngf3 Nc6 8. O-O a6 9. Qc2 b5 10. cxd5 Nb4
11. Qb3 a5 12. dxe6 Bxe6 13. Qd1 Rc8 14. Nb3 a4 15. Nc5 Re8 16. Ne5 Bd5 17. e4 Bxa2 18. Qd2 Bc4 19. Qxb4 Bxf1 20. Bxf1 c6
21. Nb7 Qc7 22. Nd6 Qe7 23. Qc5 Nd7 24. Nxd7 Qxd7 25. Rc1 Re6 26. Nxc8 Qxc8 27. Bxb5 h6 28. Bxc6 Rxc6 29. Qxc6 Qg4 30. Qc8+ Qxc8
31. Rxc8+ Kh7 32. d5 a3 33. bxa3 g5 34. d6
1-0

[Event "leisure catalan knockout "]
[Site "SchemingMind.com"]
[Date "2018.03.06"]
[Round "-"]
[White "David Perna-Fraser"]
[Black "Chessibelle"]
[Result "1-0"]
[WhiteCountry "CAN"]
[BlackCountry "ENG"]
[WhiteElo "2106"]
[WhiteRD "73"]
[BlackElo "1078"]
[BlackRD "58"]
[GameID "425547"]

1. d4 Nf6 2. c4 e6 3. g3 g6 4. Bg2 Nc6 5. Nc3 b5 6. cxb5 Na5 7. Bxa8 Bg7 8. Bg2 O-O 9. Nf3 Qe8 10. O-O d6
11. b4 Nc4 12. a4 Nb6 13. Qd3 Ng4 14. a5 Nd7 15. h3 Nh6 16. Bg5 Nf6 17. Rfb1 c6 18. b6 a6 19. Bxf6 Bxf6 20. Ne4 Be7
21. Nfd2 f5 22. Nc3 Bb7 23. e4 Qa8 24. e5 c5 25. Bxb7 Qxb7 26. bxc5 Nf7 27. cxd6 Bd8 28. Na4 h6 29. Nc5 Qc8 30. b7 Qb8
31. Nd7 Qa7 32. Nxf8 Kxf8 33. b8=Q Qd7 34. Qxa6 Kg7 35. Rb7 Qe8 36. Qaa7 h5 37. Rxf7+ Kh6 38. Rh7+ Kg5 39. Nf3#
1-0

[Event "leisure catalan knockout "]
[Site "SchemingMind.com"]
[Date "2018.03.06"]
[Round "-"]
[White "Chessibelle"]
[Black "David Perna-Fraser"]
[Result "0-1"]
[WhiteCountry "ENG"]
[BlackCountry "CAN"]
[WhiteElo "1078"]
[WhiteRD "58"]
[BlackElo "2106"]
[BlackRD "73"]
[GameID "425548"]

1. d4 Nf6 2. c4 e6 3. g3 Bb4+ 4. Nd2 Nc6 5. Nf3 b6 6. b3 Bc3 7. Rb1 Nxd4 8. Bg2 Bb7 9. O-O Nxf3+ 10. Nxf3 O-O
11. Ng5 Bxg2 12. Kxg2 h6 13. Nh3 Qe7 14. f4 Qc5 15. Nf2 Bd4 16. b4 Qxc4 17. a3 Qc6+ 18. Kg1 Bxf2+ 19. Rxf2 Ng4 20. Rg2 a5
21. Qd3 axb4 22. axb4 b5 23. Bb2 Qb6+ 24. Bd4 Qd6 25. e3 f5 26. h3 Nf6 27. g4 fxg4 28. Qd2 gxh3 29. Rh2 Qd5 30. Rxh3 Qf5
31. Qh2 Qxb1+
0-1

[Event "leisure catalan knockout "]
[Site "SchemingMind.com"]
[Date "2018.03.11"]
[Round "-"]
[White "pnwmusichound"]
[Black "berns"]
[Result "0-1"]
[WhiteCountry "USA"]
[BlackCountry "ENG"]
[WhiteElo "1948"]
[WhiteRD "99"]
[BlackElo "1589"]
[BlackRD "88"]
[GameID "425736"]

1. d4 Nf6 2. c4 e6 3. g3 Bb4+ 4. Bd2 Bxd2+ 5. Nxd2 Nc6 6. Ngf3 d6 7. Bg2 O-O 8. O-O Ne7 9. e4 Ng6 10. Qc2 b6
11. Rad1 c5 12. e5 Ng4 13. exd6 Qxd6 14. Ne5 Rb8 15. Nxg4 cxd4 16. Nf3 e5 17. Ne3 Bb7 18. Rfe1 Bxf3 19. Bxf3 Qf6 20. Qf5 dxe3
21. Qxf6 gxf6 22. Rxe3 Rfd8 23. Rxd8+ Rxd8 24. b3 f5 25. Bd5 f4 26. Rd3 Kg7 27. Be4 Rxd3 28. Bxd3 Kf6 29. Kg2 fxg3 30. hxg3 Ke6
31. Kf3 h5 32. Ke3 f5 33. Be2 f4+ 34. gxf4 Nxf4 35. Bf1 h4 36. Kf3 Kf5 37. Bg2 e4+
0-1

[Event "leisure catalan knockout "]
[Site "SchemingMind.com"]
[Date "2018.03.11"]
[Round "-"]
[White "berns"]
[Black "pnwmusichound"]
[Result "1/2-1/2"]
[WhiteCountry "ENG"]
[BlackCountry "USA"]
[WhiteElo "1552"]
[WhiteRD "99"]
[BlackElo "1973"]
[BlackRD "99"]
[GameID "425737"]

1. d4 Nf6 2. c4 e6 3. g3 c5 4. Be3 cxd4 5. Bxd4 Qc7 6. e3 Ne4 7. Nh3 Bb4+ 8. Bc3 Qa5 9. Qd4 Nf6 10. a3 Nc6
11. Qd3 Bxc3+ 12. bxc3 b6 13. Bg2 Bb7 14. O-O O-O 15. Nd2 h6 16. Ne4 Nxe4 17. Bxe4 Ne5 18. Qc2 Bxe4 19. Qxe4 Qxc3 20. Rfc1 Qa5
21. Nf4 f5 22. Qb7 Rab8 23. Qg2 Rfc8 24. Qf1 g5 25. Ng2 Nf3+ 26. Kh1 Nd2 27. Qd3 Rb7 28. Rd1 Ne4 29. Kg1 Rbc7 30. f3 Nc5
31. Qd4 Nb3 32. Qf6 Nxa1 33. Qg6+ Kf8 34. Qf6+=
1/2-1/2

[Event "leisure catalan knockout "]
[Site "SchemingMind.com"]
[Date "2018.03.17"]
[Round "-"]
[White "Clive Everill"]
[Black "Johnny Owens"]
[Result "0-1"]
[WhiteCountry "CZE"]
[BlackCountry "USA"]
[WhiteElo "1723"]
[WhiteRD "61"]
[BlackElo "2252"]
[BlackRD "63"]
[GameID "425792"]

1. d4 Nf6 2. c4 e6 3. g3 d5 4. Nf3 Be7 5. Bg2 O-O 6. Qc2 c5 7. O-O cxd4 8. Nxd4 e5 9. Nf5 d4 10. Nxe7+ Qxe7
11. Bg5 Nc6 12. Nd2 h6 13. Bxf6 Qxf6 14. c5 Bf5 15. Be4 Bxe4 16. Nxe4 Qg6 17. Qd3 Nb4 18. Qf3 b6 19. a3 Nd5 20. Rfc1 Qe6
21. cxb6 axb6 22. Rc2 f5 23. Nd2 e4 24. Qb3 f4 25. Rac1 Rad8 26. Rc6 Qf5 27. Nc4 fxg3 28. fxg3 d3 29. exd3 exd3 30. Nxb6 Qf2+
31. Kh1 Qe2 32. Qd1 Ne3 33. Qxe2 dxe2
0-1

[Event "leisure catalan knockout "]
[Site "SchemingMind.com"]
[Date "2018.03.17"]
[Round "-"]
[White "Johnny Owens"]
[Black "Clive Everill"]
[Result "1-0"]
[WhiteCountry "USA"]
[BlackCountry "CZE"]
[WhiteElo "2252"]
[WhiteRD "63"]
[BlackElo "1723"]
[BlackRD "61"]
[GameID "425793"]

1. d4 Nf6 2. c4 e6 3. g3 c5 4. d5 exd5 5. cxd5 b5 6. e4 Nxe4 7. Bg2 Qa5+ 8. Nd2 Nd6 9. Nf3 Be7 10. O-O O-O
11. a4 b4 12. Nb3 Qc7 13. Re1 Re8 14. Bf4 Qd8 15. Qc2 c4 16. Bxd6 Bxd6 17. Rxe8+ Qxe8 18. Re1 Qd8 19. Ng5 Qxg5 20. Re8+ Bf8
21. Rxc8 cxb3 22. Qc5 d6 23. Qxd6 Nd7 24. Rxa8 Qc1+ 25. Bf1 Qxb2 26. Qxd7 Qf6 27. d6 g6 28. Qe7
1-0

[Event "leisure catalan knockout "]
[Site "SchemingMind.com"]
[Date "2018.03.18"]
[Round "-"]
[White "Aba"]
[Black "AlexiusIII"]
[Result "0-1"]
[WhiteCountry "ISR"]
[BlackCountry "ENG"]
[WhiteElo "1825"]
[WhiteRD "73"]
[BlackElo "1941"]
[BlackRD "231"]
[GameID "425942"]

1. d4 Nf6 2. c4 e6 3. g3 d5 4. Nf3 dxc4 5. Bg5 c5 6. dxc5 Qxd1+ 7. Kxd1 Bxc5 8. e3 Ne4 9. Ke2 f6 10. Bf4 e5
11. Nxe5 fxe5 12. Bxe5 O-O 13. f3 Ng5 14. Bf4 Ne6 15. Be5 Nc6 16. Bc3 b5 17. a3 Ng5 18. Nd2 Bb7 19. Bg2 Rae8 20. e4 Nd4+
21. Ke1 Nc2+
0-1

[Event "leisure catalan knockout "]
[Site "SchemingMind.com"]
[Date "2018.03.17"]
[Round "-"]
[White "AlexiusIII"]
[Black "Aba"]
[Result "1-0"]
[WhiteCountry "ENG"]
[BlackCountry "ISR"]
[WhiteElo "2127"]
[WhiteRD "164"]
[BlackElo "1798"]
[BlackRD "70"]
[GameID "425943"]

1. d4 Nf6 2. c4 e6 3. g3 d5 4. Bg2 dxc4 5. Nf3 Nc6 6. Qa4 Bd7 7. Qxc4 h6 8. O-O Bd6 9. Nc3 a6 10. e4 b5
11. Qd3 b4 12. Na4 Nh5 13. e5 Be7 14. g4 Na5 15. Qc2 Rb8 16. Nc5 Bb5 17. Rd1 g5 18. gxh5 Nc4 19. b3 Nb6 20. d5 Nxd5
21. Nxe6 fxe6 22. Qg6+ Kf8 23. Nd4 Bd7 24. Nxe6+ Bxe6 25. Qxe6 c6 26. Bxd5 cxd5 27. Qf5+ Ke8 28. Qg6+ Kf8 29. Rd3 g4 30. e6 Qe8
31. Bxh6+ Rxh6 32. Qxh6+ Kg8 33. Rg3
1-0

[Event "leisure catalan knockout "]
[Site "SchemingMind.com"]
[Date "2018.03.17"]
[Round "-"]
[White "Barry Hampton"]
[Black "Allan Sedstrem"]
[Result "1-0"]
[WhiteCountry "ENG"]
[BlackCountry "SCO"]
[WhiteElo "1885"]
[WhiteRD "106"]
[BlackElo "1522"]
[BlackRD "76"]
[GameID "425944"]

1. d4 Nf6 2. c4 e6 3. g3 d5 4. Nf3 Nc6 5. Bg2 dxc4 6. O-O Bd6 7. Nbd2 b5 8. Ne5 Nxd4 9. Nxf7 Kxf7 10. Bxa8 c6
11. e3 Bd7 12. exd4 Qxa8 13. Qf3 Bc8 14. Ne4 Be7 15. Bg5 Bb7 16. Bxf6 gxf6 17. Ng5+ Ke8 18. Nxe6 Qc8 19. Rfe1 c5 20. Qh5+ Kd7
21. Nxc5+ Bxc5 22. Qxc5 Qxc5 23. dxc5 Kc6 24. b4 Bc8 25. a4 a6 26. a5 h5 27. Rad1
1-0

[Event "leisure catalan knockout "]
[Site "SchemingMind.com"]
[Date "2018.03.17"]
[Round "-"]
[White "Allan Sedstrem"]
[Black "Barry Hampton"]
[Result "0-1"]
[WhiteCountry "SCO"]
[BlackCountry "ENG"]
[WhiteElo "1513"]
[WhiteRD "89"]
[BlackElo "1888"]
[BlackRD "100"]
[GameID "425945"]

1. d4 Nf6 2. c4 e6 3. g3 d5 4. cxd5 exd5 5. Bg2 c5 6. e3 Nc6 7. Nf3 cxd4 8. exd4 Bb4+ 9. Bd2 Qe7+ 10. Qe2 Qxe2+
11. Kxe2 Bxd2 12. Nbxd2 Bg4 13. h3 Nxd4+ 14. Kd1 Bxf3+ 15. Nxf3 Nxf3 16. Bxf3 Ne4 17. Re1 O-O-O 18. Ke2 Rhe8 19. Rac1+ Nc5+ 20. Kd2 b6
21. Rxe8 Rxe8 22. b4 Rd8 23. bxc5 Kc7 24. cxb6+ Kxb6 25. Rb1+ Kc6 26. Rc1+ Kd6 27. Ke1 Re8+ 28. Kf1 f5 29. Rd1 Re5 30. Bg2 g5
31. f4 gxf4 32. gxf4 Re7 33. Rxd5+ Ke6 34. Re5+ Kf6 35. Ra5 Rc7 36. Kf2 Rc2+ 37. Kg3 Rc7 38. Bf1 Rc3+ 39. Kh4 Rf3 40. Ba6 Rxf4+
41. Kh5 h6 42. Bc8 Rf3 43. h4 Rf4 44. Rxa7 Rc4 45. Ra6+ Ke5 46. Rxh6 Rxc8 47. Kg5 f4 48. Rf6 Rg8+ 49. Rg6 Rxg6+ 50. Kxg6 f3
51. h5 f2 52. h6 f1=Q 53. h7 Qf6+
0-1

[Event "leisure catalan knockout "]
[Site "SchemingMind.com"]
[Date "2018.04.29"]
[Round "-"]
[White "Keithk"]
[Black "maro"]
[Result "1-0"]
[WhiteCountry "ENG"]
[BlackCountry "MEX"]
[WhiteElo "2495"]
[WhiteRD "61"]
[BlackElo "1457"]
[BlackRD "66"]
[GameID "427548"]

1. d4 Nf6 2. c4 e6 3. g3 c6 4. Bg2 d5 5. Nf3 c5 6. Nc3 cxd4 7. Nxd4 Bc5 8. O-O O-O 9. Nb3 Nbd7 10. cxd5 exd5
11. Nxd5 a5 12. Nxc5 Nxc5 13. Bg5 h6 14. Bxf6 gxf6 15. Qc1 Kg7 16. Qxc5 Kh8 17. Rfd1 Bg4 18. Nb6 Qb8 19. Nxa8 Rc8 20. Qd4 Qxa8
21. Qxf6+ Kg8 22. Bd5 Be6 23. Bxe6 Rf8 24. Rd4
1-0

[Event "leisure catalan knockout "]
[Site "SchemingMind.com"]
[Date "2018.04.29"]
[Round "-"]
[White "maro"]
[Black "Keithk"]
[Result "0-1"]
[WhiteCountry "MEX"]
[BlackCountry "ENG"]
[WhiteElo "1457"]
[WhiteRD "66"]
[BlackElo "2495"]
[BlackRD "61"]
[GameID "427549"]

1. d4 Nf6 2. c4 e6 3. g3 d5 4. c5 b6 5. Qa4+ Bd7 6. c6 Nxc6 7. e3 Bb4+ 8. Bd2 Nxd4 9. Qd1 Bxd2+ 10. Nxd2 Nc6
11. Bg2 e5 12. Ne2 e4 13. O-O O-O 14. Nf4 Ne5 15. Qb3 c6 16. Rac1 Re8 17. Rfe1 g5 18. Ne2 Nd3 19. Nd4 Ng4 20. Bh3 Qf6
21. f4 gxf4 22. gxf4 Qh4 23. Kg2 Qf2+ 24. Kh1 Qxh2#
0-1

[Event "leisure catalan knockout "]
[Site "SchemingMind.com"]
[Date "2018.05.08"]
[Round "-"]
[White "d2d41"]
[Black "Timaeus"]
[Result "1-0"]
[WhiteCountry "HUN"]
[BlackCountry "JPN"]
[WhiteElo "1688"]
[WhiteRD "159"]
[BlackElo "1432"]
[BlackRD "75"]
[GameID "427895"]

1. d4 Nf6 2. c4 e6 3. g3 d5 4. Bg2 b6 5. Nf3 dxc4 6. Qa4+ Bd7 7. Qxc4 a5 8. O-O Bc6 9. Nc3 Bd5 10. Qd3 Bb4
11. Bd2 Nc6 12. a3 O-O 13. axb4 axb4 14. Nxd5 Nxd5 15. e4 Nf6 16. Rxa8 Qxa8 17. d5 exd5 18. exd5 Ne7 19. d6 cxd6 20. Qxd6 Ned5
21. Nd4 Rd8 22. Qe5 Re8 23. Qf5 Ne7 24. Bxa8
1-0

[Event "leisure catalan knockout "]
[Site "SchemingMind.com"]
[Date "2018.05.08"]
[Round "-"]
[White "Timaeus"]
[Black "d2d41"]
[Result "0-1"]
[WhiteCountry "JPN"]
[BlackCountry "HUN"]
[WhiteElo "1432"]
[WhiteRD "75"]
[BlackElo "1688"]
[BlackRD "159"]
[GameID "427896"]

1. d4 Nf6 2. c4 e6 3. g3 Be7 4. Bf4 O-O 5. Nc3 d5 6. cxd5 exd5 7. e3 c6 8. Nf3 Qb6 9. Bd3 Qxb2 10. Qc2 Qxa1+
11. Nd1 Bg4 12. Be2 Nbd7 13. Nd2 Bxe2 14. Kxe2 Nh5 15. Rf1 Nxf4+ 16. gxf4 Nf6 17. Nb3 Qxd1+ 18. Rxd1 Rac8 19. Nc5 b6 20. Na6 c5
21. dxc5 bxc5 22. Kf3 Rfd8 23. Qa4 Ne4 24. Qa3 Nf6 25. Qa5 c4 26. Nc7 c3 27. Nxd5 Nxd5 28. Rxd5 Rxd5 29. Qxd5 c2
0-1

[Event "leisure catalan knockout "]
[Site "SchemingMind.com"]
[Date "2018.05.17"]
[Round "-"]
[White "Krolewna"]
[Black "klapa"]
[Result "0-1"]
[WhiteCountry "POL"]
[BlackCountry "POL"]
[WhiteElo "1862"]
[WhiteRD "69"]
[BlackElo "1496"]
[BlackRD "74"]
[GameID "428310"]

1. d4 Nf6 2. c4 e6 3. g3 d5 4. Nf3 dxc4 5. Bg2 b5 6. O-O c5 7. Ne5 cxd4 8. Bxa8 Bd6 9. Qxd4 Bxe5 10. Qxe5 Nbd7
11. Qxb5 O-O 12. Rd1 Ng4 13. Qxc4 Nge5 14. Qb5 a6 15. Qxe5 Nxe5 16. Rxd8 Rxd8 17. Nc3 h5 18. f4 Ng4 19. Bf3 Nf6 20. Be3 Rd6
21. Rc1 a5 22. Ne4 Nxe4 23. Rxc8+ Kh7 24. Bxe4+ f5 25. Bc2 Rd7 26. Ra8 g6 27. Rxa5 Kh6 28. a4 Rc7 29. Bd3 Rb7 30. Rb5 Rh7
31. a5 h4 32. a6 hxg3 33. a7 Kg7 34. a8=Q gxh2+ 35. Kh1 Rh3 36. Rb7+ Kh6
0-1

[Event "leisure catalan knockout "]
[Site "SchemingMind.com"]
[Date "2018.05.17"]
[Round "-"]
[White "klapa"]
[Black "Krolewna"]
[Result "0-1"]
[WhiteCountry "POL"]
[BlackCountry "POL"]
[WhiteElo "1482"]
[WhiteRD "73"]
[BlackElo "2019"]
[BlackRD "68"]
[GameID "428311"]

1. d4 Nf6 2. c4 e6 3. g3 d5 4. Bg2 c6 5. c5 b6 6. Nf3 bxc5 7. dxc5 Bxc5 8. O-O O-O 9. Bg5 Ba6 10. Ne5 Re8
11. Nc3 h6 12. Bf4 Nh5 13. e3 Nxf4 14. exf4 Bxf1 15. Bxf1 a6 16. Qh5 Ra7 17. Na4 Bd4 18. Nxf7 Rxf7 19. Bd3 e5 20. fxe5 Rxf2
21. Kh1 Rxe5 22. Qg6 Qe7 23. Qh7+ Kf8 24. Rg1 Re1 25. Bf1 Rexf1 26. Qd3 Rxg1+ 27. Kxg1 Qe1+ 28. Qf1 Qxf1#
0-1

[Event "leisure catalan knockout "]
[Site "SchemingMind.com"]
[Date "2018.05.19"]
[Round "-"]
[White "davidcook"]
[Black "cnbcad"]
[Result "1-0"]
[WhiteCountry "ENG"]
[BlackCountry "USA"]
[WhiteElo "1912"]
[WhiteRD "63"]
[BlackElo "1427"]
[BlackRD "68"]
[GameID "428366"]

1. d4 Nf6 2. c4 e6 3. g3 d5 4. Bg2 g6 5. Nf3 Bg7 6. O-O Nbd7 7. Qc2 b6 8. cxd5 Nxd5 9. e4 Nb4 10. Qa4 a5
11. Bg5 f6 12. Bf4 g5 13. Be3 b5 14. Qb3 Kf7 15. a3 Nc6 16. d5 a4 17. dxe6+ Ke7 18. Qc2 Nde5 19. Rd1 Qe8 20. Qc5+ Kxe6
21. Qd5+ Ke7 22. Bc5#
1-0

[Event "leisure catalan knockout "]
[Site "SchemingMind.com"]
[Date "2018.05.19"]
[Round "-"]
[White "cnbcad"]
[Black "davidcook"]
[Result "0-1"]
[WhiteCountry "USA"]
[BlackCountry "ENG"]
[WhiteElo "1427"]
[WhiteRD "68"]
[BlackElo "1912"]
[BlackRD "63"]
[GameID "428367"]

1. d4 Nf6 2. c4 e6 3. g3 d5 4. c5 Nc6 5. e3 e5 6. dxe5 Nxe5 7. b4 c6 8. Bb2 Qc7 9. Nf3 Nxf3+ 10. Qxf3 Be7
11. Bg2 O-O 12. Nd2 a5 13. a3 axb4 14. axb4 Rxa1+ 15. Bxa1 b6 16. Bd4 bxc5 17. bxc5 Ba6 18. Bf1 Bxf1 19. Nxf1 Qa5+ 20. Nd2 Ne4
21. Qe2 Rb8 22. O-O Qxd2 23. Qg4 Bf8 24. h4 Rb1 25. h5 Rxf1+
0-1